Jeux Olympiques 1948 - Pays participants - Statistiques

Statistiques générales
  • Ce quiz a été pris 26 fois
  • Le résultat moyen est 51 sur 67
Réponses sur la Carte
Les réponses sont colorées sur une échelle allant du rouge au vert en fonction du pourcentage des utilisateurs qui les ont devinées à leur premier essai. Vous pouvez retrouver ces pourcentages ci-dessous.
 
Statistiques - réponses
Nombre d'athlètes Pays % Correct
302 Etats-Unis
100%
285 France
100%
104 Canada
96%
26 Chine
96%
Chine
96%
66 Espagne
96%
177 Italie
96%
313 Royaume-Uni
96%
202 Argentine
92%
76 Australie
92%
74 Brésil
92%
55 Chili
92%
88 Mexique
92%
47 Portugal
92%
53 Cuba
88%
163 Danemark
88%
56 Grèce
88%
77 Inde
88%
65 Irlande
88%
81 Norvège
88%
07 Nouvelle-Zélande
88%
172 Suède
88%
174 Suisse
88%
114 Autriche
84%
06 Colombie
84%
45 Corée du Sud
84%
123 Finlande
84%
42 Pérou
84%
01 Venezuela
84%
35 Afrique du Sud
80%
Afrique du Sud
80%
149 Belgique
80%
85 Egypte
80%
128 Hongrie
80%
20 Islande
80%
01 Panama
80%
141 Pays-Bas
80%
58 Turquie
80%
62 Uruguay
80%
36 Iran
72%
24 Pologne
72%
85 Yougoslavie
72%
Yougoslavie
72%
Yougoslavie
72%
Yougoslavie
72%
Yougoslavie
72%
Yougoslavie
72%
Yougoslavie
72%
13 Jamaïque
68%
36 Pakistan
68%
Pakistan
68%
75 Tchécoslovaquie
68%
Tchécoslovaquie
68%
29 Afghanistan
60%
04 Birmanie
60%
12 Irak
56%
08 Liban
52%
02 Liechtenstein
52%
01 Luxembourg
52%
01 Malte
52%
07 Ceylan
48%
04 Guyana
48%
04 Monaco
48%
24 Philippines
44%
01 Syrie
44%
05 Trinité-et-Tobago
28%
01 Singapour
24%
Aucun quiz correspondant
Distribution des résultats
% des personnes avec chaque résultat
Percentile par nombre de réponses
Votre historique - résultats
Vous n’avez pas pris ce quiz